000 01037cam a2200313 a 4500
999 _c4649
_d4649
001 11912474
003 GZU
005 20210317094033.0
008 991027s1999 rh a b 000 0 sna
010 _a 99892422
020 _a0869227254
035 _a(DLC) 99892422
040 _aDLC
_cDLC
_dDLC
042 _alcode
050 0 0 _aPL8681
_b.M37 1999
100 1 _aMashiri, Pedzisai.
245 1 0 _aDudziramutauro /
_cPedzisai Mashiri naCanaan Warinda.
246 1 _iParallel title from t.p. verso:
_aGrammatical analysis of Shona
260 _aGweru, Zimbabwe :
_bMambo Press,
_c1999.
300 _axvi, 103 p. :
_bill. ;
_c21 cm.
504 _aIncludes bibliographical references (p. 102-103).
520 _aOn Shona grammer.
546 _aIn Shona.
650 0 _aShona language
_xGrammar.
700 1 _aWarinda, Canaan.
906 _a7
_bcbc
_corigode
_d3
_encip
_f19
_gy-gencatlg
942 _2lcc
_cBK
_h8681
_iMAS
_kPL
_m1999